Agricultura y ganadería (Record no. 76527)

MARC details
000 -LEADER
campo de control de longitud fija 00489nam a2200145 i 4500
001 - NÚMERO DE CONTROL
campo de control 76527
003 - IDENTIFICADOR DE NÚMERO DE CONTROL
campo de control ES-MaACL
007 - CAMPO FIJO DE DESCRIPCIÓN FÍSICA--INFORMACIÓN GENERAL
campo de control de longitud fija t|
008 - DATOS DE LONGITUD FIJA--INFORMACIÓN GENERAL
campo de control de longitud fija 041004s1955 sp ||||1| spa d
100 1# - ENTRADA PRINCIPAL--NOMBRE DE PERSONA
Nombre de persona Guirado Pérez, R.
9 (RLIN) 60877
245 10 - MENCIÓN DEL TÍTULO
Título Agricultura y ganadería
Resto del título : manual del agricultor : extracto de las disposiciones en vigor, al 31 de marzo de 1955 /
Mención de responsabilidad, etc. R. Guirado Pérez.
260 ## - PUBLICACIÓN, DISTRIBUCIÓN, ETC.
Lugar de publicación, distribución, etc. Granada :
Nombre del editor, distribuidor, etc. Prieto,
Fecha de publicación, distribución, etc. 1955 (
Fabricante Rafra)
300 ## - DESCRIPCIÓN FÍSICA
Extensión 472 p. ;
Dimensiones 22 cm.
852 ## - LOCALIZACIÓN
Ubicación ES-MaACL
Número de control de estantería C-9959
Sublocalización o colección R.38092
Holdings
Estatus retirado Estado de pérdida Estado de daño No para préstamo Biblioteca de origen Biblioteca actual Ubicación en estantería Fecha de adquisición Fuente de adquisición Total de préstamos Signatura topográfica completa Código de barras Visto por última vez Precio de reemplazo Tipo de ítem Koha
        Biblioteca del Ateneo de Madrid Biblioteca del Ateneo de Madrid Sala Palomar 17/01/2008     C-9959 1080081 23/02/2023 23/02/2023 Libro impreso